Cities in Indochina - Sudden Death - Statistics

General Stats
  • This quiz has been taken 38 times
  • The average score is 10 of 14
Answers on the Grid
Answers color-coded by a green-red scale on the quiz's grid according to % correct below.
Bangkok
Can Tho
Chengdu
Chennai
Chiang Mai
Chittagong
Da Nang
Haiphong
Hanoi
Ho Chi Minh City
Hong Kong
Hue
Jakarta
Kolkata
Kuala Lumpur
Mandalay
Manila
Mumbai
Naypyidaw
Phnom Penh
Port Moresby
Sapporo
Seoul
Surabaya
Taipei
Vientiane
Wuhan
Yangon
 
Answer Stats
Answer % Correct
Bangkok
94%
Hanoi
89%
Da Nang
83%
Chiang Mai
78%
Ho Chi Minh City
78%
Haiphong
67%
Phnom Penh
67%
Vientiane
67%
Hue
61%
Naypyidaw
61%
Can Tho
56%
Kuala Lumpur
56%
Yangon
56%
Mandalay
44%
No matching quizzes found
Score Distribution
Percent of People with Each Score
Percentile by Number Answered
Your Score History
You have not taken this quiz